[Event "XV Carlos Torre"]
[Site "Merida MEX"]
[Date "2002.12.19"]
[Round "7"]
[White "Bruzon,L"]
[Black "Garcia Martinez,S"]
[Result "1/2-1/2"]
[WhiteElo "2613"]
[BlackElo "2382"]

1.e4 c5 2.Nf3 e6 3.d4 cxd4 4.Nxd4 a6 5.Bd3 Bc5 6.Nb3 Ba7 7.O-O Nc6 8.Qe2 Nge7
9.c4 d6 10.Be3 e5  1/2-1/2

[Event "Capablanca Mem Elite"]
[Site "Havana CUB"]
[Date "2003.05.06"]
[Round "1"]
[White "Bruzon,L"]
[Black "Vera,R"]
[Result "1-0"]
[WhiteElo "2610"]
[BlackElo "2546"]

1.e4 c5 2.Nf3 d6 3.d4 cxd4 4.Nxd4 Nf6 5.Nc3 a6 6.Be3 e5 7.Nb3 Be7 8.f3 Be6
9.Qd2 O-O 10.O-O-O Nbd7 11.g4 b5 12.g5 b4 13.Ne2 Ne8 14.f4 a5 15.Kb1 a4 16.Nbc1 b3
17.f5 bxa2+ 18.Ka1 Bc4 19.Nc3 Rc8 20.h4 Kh8 21.h5 a3 22.b3 Bxf1 23.Rhxf1 Rxc3
24.Qxc3 Bxg5 25.Nxa2 Bxe3 26.Qxe3 Qc7 27.h6 g6 28.Qc3 Qa7 29.Qc4 Ndf6 30.Nc3 g5
31.Rd3 Qb7 32.b4 g4 33.b5 Qb8 34.Qc6 d5 35.Nxd5 Nxe4 36.Nb6 N4f6 37.Nd7 Nxd7
38.Rxd7  1-0

[Event "Capablanca Mem Elite"]
[Site "Havana CUB"]
[Date "2003.05.08"]
[Round "3"]
[White "Bruzon,L"]
[Black "Gonzalez,Y"]
[Result "1-0"]
[WhiteElo "2610"]
[BlackElo "2473"]

1.c4 c5 2.Nf3 Nc6 3.d4 cxd4 4.Nxd4 g6 5.e4 Bg7 6.Be3 Nf6 7.Nc3 O-O 8.Be2 b6
9.O-O Bb7 10.Nb3 Rc8 11.Rc1 d6 12.f3 Nd7 13.Nd4 Nxd4 14.Bxd4 Bh6 15.Rc2 Ne5
16.b3 Nc6 17.Bf2 Ba8 18.a3 Qd7 19.Re1 Rce8 20.b4 Qb7 21.Bf1 Ne5 22.Nd5 f6
23.f4 e6 24.Nxf6+ Rxf6 25.fxe5 dxe5 26.c5 bxc5 27.Bxc5 Bf8 28.h3 Rf4 29.Rc4 Bxc5+
30.bxc5 Qc7 31.Qd6 Qxd6 32.cxd6 Rd8 33.Rec1 Rff8 34.Rd1 Rd7 35.Be2 Rfd8 36.Kf2 Bb7
37.Rb1 Ba6 38.Rc7 Bxe2 39.Kxe2 Rxd6 40.Rbb7 Rd2+ 41.Kf1 Ra2 42.Kg1 Rxa3 43.Rg7+ Kf8
44.Rxh7 Kg8 45.Rhg7+ Kh8 46.Rxg6 Ra4 47.Rxe6 Rxe4 48.Rxa7 Re2 49.Ree7 e4
50.Kh2 Kg8 51.Ra4  1-0

[Event "Capablanca Mem Elite"]
[Site "Havana CUB"]
[Date "2003.05.13"]
[Round "7"]
[White "Bruzon,L"]
[Black "Arencibia,W"]
[Result "1/2-1/2"]
[WhiteElo "2610"]
[BlackElo "2520"]

1.e4 e6 2.d4 d5 3.Nc3 Bb4 4.e5 c5 5.a3 Bxc3+ 6.bxc3 Ne7 7.Nf3 b6 8.a4 Ba6
9.Bxa6 Nxa6 10.O-O Nb8 11.dxc5 bxc5 12.c4 h6 13.cxd5 Qxd5 14.Qe2 Nd7 15.Rd1 Qb7
16.Ra3 Rc8 17.Rb3 Qc7 18.Qa6 Rb8 19.Rxb8+ Qxb8 20.Ba3 Qb6 21.Qd3 Qc7 22.Qd6 Qxd6
23.Rxd6 Nc8 24.Rd3 Ncb6 25.a5 Nc4 26.Bxc5 Nxc5 27.Rc3 Kd7 28.Rxc4 Rb8 29.h4 Rb5
30.a6 Nxa6 31.Ra4 Nc7 32.Rxa7 Rc5 33.Ra2 Rc4 34.g3 Kc6 35.Kf1 Nb5 36.Ra8 Kd7
37.Rg8 g6 38.Nd2 Rxc2 39.Ne4 Rc7 40.Nf6+ Kc6 41.Rg7 h5 42.Kg2 Nd4 43.Ne8 Nf5
44.Rh7 Ra7 45.Nf6 Kc5 46.Kf3 Nd4+ 47.Kg2 Nc6 48.Ne4+ Kd5 49.Ng5 Nxe5 50.f4 Ra2+
51.Kf1 f6 52.fxe5 fxg5 53.hxg5 Kxe5 54.Rf7 Ra4 55.Rf6 Rg4 56.Rxg6 Rxg3 57.Kf2 Rg4
58.Kf3 Kd5 59.Rg8 e5 60.g6 Ke6 61.g7 Kf7 62.Rh8  1/2-1/2

[Event "Capablanca Mem Elite"]
[Site "Havana CUB"]
[Date "2003.05.14"]
[Round "8"]
[White "Ikonnikov,V"]
[Black "Bruzon,L"]
[Result "1/2-1/2"]
[WhiteElo "2546"]
[BlackElo "2610"]

1.d4 Nf6 2.Nf3 d5 3.c4 e6 4.Nc3 Be7 5.Bg5 O-O 6.e3 h6 7.Bh4 b6 8.Bd3 Bb7
9.O-O Nbd7 10.Rc1 c5 11.cxd5 Nxd5 12.Bg3 N7f6 13.Nxd5 Qxd5 14.Bc4 Qh5 15.dxc5 Bxc5
16.Nd4 Qxd1 17.Rfxd1 a6 18.Nb3 Be7 19.Bd6 Bxd6 20.Rxd6 b5 21.Bf1 Rfc8 22.Rxc8+ Rxc8
23.f3 Ne8 24.Rb6 Rc7 25.Na5 Bc8 26.Bd3 Kf8 27.Kf2 Nf6 28.e4 Nd7 29.Rc6 Rxc6
30.Nxc6 Bb7 31.Na5 Bc8 32.Nc6 Bb7 33.Na5 Bc8  1/2-1/2

[Event "Capablanca Mem Elite"]
[Site "Havana CUB"]
[Date "2003.05.18"]
[Round "11"]
[White "Bruzon,L"]
[Black "Andersson,U"]
[Result "1-0"]
[WhiteElo "2610"]
[BlackElo "2594"]

1.e4 c5 2.Nf3 e6 3.d3 Nc6 4.g3 g6 5.Bg2 Bg7 6.c3 Nge7 7.O-O e5 8.a3 O-O 9.b4 cxb4
10.axb4 b5 11.Na3 Rb8 12.Be3 d5 13.Bc5 Re8 14.Nc2 a6 15.Nd2 Bb7 16.Ra3 Rc8
17.Nb3 Nb8 18.Ne3 d4 19.cxd4 exd4 20.Nc2 Nec6 21.Bh3 Nd7 22.Ncxd4 Nxc5 23.Nxc6 Rxc6
24.Nxc5 Rxc5 25.bxc5 a5 26.d4 b4 27.Re3 Qc7 28.Bg2 Ra8 29.Qd2 Rd8 30.e5 Bxg2
31.Kxg2 Bxe5 32.Rd3 Qc6+ 33.f3 Bf6 34.Rc1 Qd5 35.Qc2 Rb8 36.c6 Rc8 37.Qc5 Qxc5
38.Rxc5 Be7 39.Rxa5 Rxc6 40.d5 Rb6 41.Rb3 Kg7 42.f4 Rb7 43.Kf3 Rc7 44.Ra6 Rc1
45.Rd3 Bf6 46.Rc6  1-0

[Event "18th North Sea Cup"]
[Site "Esbjerg DEN"]
[Date "2003.07.09"]
[Round "6"]
[White "Bruzon,L"]
[Black "Koneru,H"]
[Result "0-1"]
[WhiteElo "2614"]
[BlackElo "2468"]

1.Nf3 Nf6 2.c4 e6 3.d4 b6 4.e3 Bb7 5.Bd3 Be7 6.O-O O-O 7.b3 d5 8.Bb2 c5 9.Qe2 Nc6
10.Nbd2 Rc8 11.Rac1 cxd4 12.exd4 dxc4 13.bxc4 Re8 14.Rfd1 Bf8 15.Nf1 g6 16.Ne3 Bg7
17.Bc2 Qe7 18.Ba4 Red8 19.a3 Na5 20.Ne5 a6 21.Qe1 Nc6 22.Nxc6 Bxc6 23.Bb3 Ne4
24.Qe2 Bb7 25.f3 Nf6 26.Rb1 h5 27.a4 a5 28.Nc2 Ba6 29.Kh1 Nd5 30.Ra1 Bh6
31.Na3 Qb4 32.Qd3 Ne3 33.Rdc1 Nf5 34.Rd1 Qe7 35.g3 Bg7 36.Nc2 Qc7 37.g4 hxg4
38.fxg4 Nh4 39.Ne3 Bb7+  0-1

[Event "18th North Sea Cup"]
[Site "Esbjerg DEN"]
[Date "2003.07.11"]
[Round "8"]
[White "Hansen,Cu"]
[Black "Bruzon,L"]
[Result "1/2-1/2"]
[WhiteElo "2618"]
[BlackElo "2614"]

1.d4 Nf6 2.c4 e6 3.Nf3 b6 4.Nc3 Bb7 5.a3 d5 6.Bg5 Be7 7.Bxf6 Bxf6 8.cxd5 exd5
9.g3 O-O 10.Bg2 c5 11.O-O Qe7 12.e3 Rd8 13.Re1 Na6 14.Qb3 Rab8 15.Rad1 Nc7
16.Rd2 g6 17.h4 Bg7 18.Qd1 Rd6 19.Ng5 h6 20.Nh3 Rbd8 21.Nf4 c4 22.a4 a6 23.b3 b5
24.axb5 axb5 25.bxc4 bxc4 26.Ra2 Ne6 27.Ra7 Nxf4 28.exf4 Qc7 29.Nxd5 Rxd5
30.Qb1 Rxd4 31.Rxb7 Qc5 32.Rb5 Qd6 33.Qc2 Rd1 34.Rb1 Rxe1+ 35.Rxe1 Qd2 36.Re8+ Kh7
37.Re2 Qd1+ 38.Kh2 c3 39.Be4 Qxc2  1/2-1/2

[Event "II American Continental"]
[Site "Buenos Aires ARG"]
[Date "2003.08.17"]
[Round "1"]
[White "Bruzon,L"]
[Black "Cordero,A"]
[Result "1-0"]
[WhiteElo "2614"]
[BlackElo "2323"]

1.e4 e5 2.Nf3 Nc6 3.Bb5 Nge7 4.O-O g6 5.c3 Bg7 6.d4 O-O 7.d5 a6 8.Be2 Na7
9.d6 cxd6 10.Qxd6 Nb5 11.Bxb5 axb5 12.Rd1 Nc6 13.Na3 Ra4 14.Bg5 Qa5 15.Qd5 d6
16.Qxd6 Rxe4 17.Nd2 Rg4 18.Be3 e4 19.Nb3 Qa8 20.Nxb5 Be5 21.Qc5 Rh4 22.h3 Rh5
23.Qc4 Bf5 24.N3d4 Nxd4 25.Bxd4 Be6 26.Qe2 Bf4 27.Qxe4 Bb8 28.c4 Bxc4 29.Qe7 f5  1-0

[Event "II American Continental"]
[Site "Buenos Aires ARG"]
[Date "2003.08.18"]
[Round "2"]
[White "Pierrot,F"]
[Black "Bruzon,L"]
[Result "1/2-1/2"]
[WhiteElo "2417"]
[BlackElo "2614"]

1.e4 c5 2.Nf3 e6 3.c3 Nf6 4.e5 Nd5 5.Bc4 Nc6 6.O-O d6 7.d4 cxd4 8.cxd4 Be7
9.Nbd2 O-O 10.Re1 Qb6 11.Ne4 dxe5 12.dxe5 Rd8 13.Qe2 Nd4 14.Nxd4 Qxd4 15.Ng3 Nb6
16.Bb3 Bd7 17.Rd1 Qh4 18.Be3 Bc6 19.Rxd8+ Rxd8 20.Rd1 Rxd1+ 21.Qxd1 Qb4 22.Qd2 Qb5
23.Qd4 Bd5 24.Bc2 Qa5 25.Qd3 g6 26.Bb3 Bxb3 27.Qxb3 Nd5 28.Qxb7 Nxe3 29.fxe3 Bg5
30.Qb3 Qxe5 31.Nf1 a5 32.Qb6 Qd5 33.Qb8+ Kg7 34.Qb6 Bf6 35.b3 h5 36.Qc7 Be5
37.Qc2 Bd6 38.Qc3+ Be5 39.Qc2 h4 40.h3 f5 41.Qd2 Kf6 42.Qf2 g5 43.Qe2 Kg6
44.Qc2 Kg7 45.Qe2 Bd6 46.Qh5 f4 47.exf4 Bc5+ 48.Kh1 Qd4 49.Qxg5+ Kf7 50.Qh5+ Kf8
51.Qh6+ Ke7 52.Qxh4+ Kd7 53.Qh7+ Kd6 54.Kh2 Qg1+ 55.Kg3 Qxf1 56.Qe4 Qf2+
57.Kg4 Bd4 58.h4 Bf6 59.Qd3+ Ke7 60.Qh7+ Kf8 61.g3 Qxa2 62.Qh6+ Kf7 63.Qh7+ Bg7
64.Qd3 Ke7 65.h5 Qa1 66.Qf3 Qc3 67.Qb7+ Kf8 68.Qb8+ Kf7 69.Qb7+ Kg8 70.Qb5 Kh7
71.Qb7 Qd3 72.Qf7 Qe4 73.h6 Qf5+ 74.Qxf5+ exf5+ 75.Kxf5 Kxh6 76.g4 Bc3 77.Ke6 Bd2
78.Kf5 Bc1 79.Ke4 Kg6 80.Ke5 Kf7 81.Kf5 Bb2 82.Kg5 Bc1 83.Kf5 Ke7 84.Ke5 Bd2
85.g5 Kd7 86.g6 Ke7 87.f5 Bc3+ 88.Kd5 Kf6 89.Kc4 Be5 90.Kb5  1/2-1/2

[Event "II American Continental"]
[Site "Buenos Aires ARG"]
[Date "2003.08.22"]
[Round "5"]
[White "Bruzon,L"]
[Black "Cubas,Jo"]
[Result "1-0"]
[WhiteElo "2614"]
[BlackElo "2419"]

1.c4 e5 2.Nc3 f5 3.g3 Nf6 4.Bg2 Nc6 5.e3 d6 6.Nge2 Be6 7.d4 Bxc4 8.d5 Bxe2
9.Qxe2 Nb8 10.e4 fxe4 11.Nxe4 Nbd7 12.Ng5 Nc5 13.b4 h6 14.bxc5 hxg5 15.Bxg5 Be7
16.O-O O-O 17.Rab1 b6 18.cxd6 cxd6 19.f4  1-0

[Event "II American Continental"]
[Site "Buenos Aires ARG"]
[Date "2003.08.28"]
[Round "10"]
[White "Bruzon,L"]
[Black "Felgaer,R"]
[Result "1-0"]
[WhiteElo "2614"]
[BlackElo "2551"]

1.e4 c5 2.Nf3 Nc6 3.d4 cxd4 4.Nxd4 Nf6 5.Nc3 e5 6.Ndb5 d6 7.Bg5 a6 8.Na3 b5
9.Bxf6 gxf6 10.Nd5 f5 11.Bd3 Be6 12.Qh5 Rg8 13.g3 Rg5 14.Qd1 Bxd5 15.exd5 Ne7
16.c3 Bh6 17.Nc2 e4 18.Bf1 f4 19.gxf4 Rxd5 20.Qg4 Rf5 21.Qh4 Bxf4 22.Bh3  1-0

[Event "Open"]
[Site "Santo Domingo DOM"]
[Date "2003.11.27"]
[Round "1"]
[White "Bruzon,L"]
[Black "Perez,En"]
[Result "1-0"]
[WhiteElo "2603"]
[BlackElo "2120"]

1.e4 e5 2.Nf3 Nf6 3.Nxe5 d6 4.Nf3 Nxe4 5.d4 d5 6.Bd3 Nc6 7.O-O Bg4 8.c4 Nf6
9.Nc3 Be7 10.Nxd5 Nxd5 11.h3 Bh5 12.Be4 Nf6 13.Bxc6+ bxc6 14.g4 Bg6 15.Ne5 c5
16.Re1 Qd6 17.Bf4 Qb6 18.Qa4+ Kf8 19.g5 Qxb2 20.gxf6 gxf6 21.Bh6+ Kg8  1-0

[Event "It Resort and Casino"]
[Site "Decameron DOM"]
[Date "2003.12.07"]
[Round "2"]
[White "Bruzon,L"]
[Black "Nisipeanu,LD"]
[Result "0-1"]
[WhiteElo "2603"]
[BlackElo "2675"]

1.e4 e5 2.Nf3 d6 3.d4 exd4 4.Nxd4 Nf6 5.Nc3 Be7 6.Nde2 O-O 7.g3 Re8 8.Bg2 Bf8
9.O-O Na6 10.Re1 Nc5 11.Nd4 Bg4 12.f3 Bd7 13.Be3 c6 14.a4 a5 15.Kh1 d5 16.exd5 Nxd5
17.Nxd5 cxd5 18.b3 Qf6 19.Qd2 Ne6 20.Rad1 Qg6 21.Nxe6 Bxe6 22.Bf2 Rac8 23.c3 d4
24.Bxd4 Bxb3 25.Ra1 Rxe1+ 26.Qxe1 Qc6 27.f4 Bd5 28.Bxd5 Qxd5+ 29.Kg1 Rc4
30.Qf2 Qc6 31.Qa2 Rxc3 32.Bxc3 Bc5+ 33.Kf1 Qf3+ 34.Ke1 Qxc3+ 35.Kd1 Qd4+
36.Ke2 Qe3+ 37.Kd1 Bb4 38.Kc2 Qe4+ 39.Kb2 Be7 40.Qb1 Bf6+ 41.Ka3 Qe3+ 42.Ka2 Qd2+  0-1

[Event "It Resort and Casino"]
[Site "Decameron DOM"]
[Date "2003.12.07"]
[Round "3"]
[White "Ramirez,Al"]
[Black "Bruzon,L"]
[Result "1/2-1/2"]
[WhiteElo "2483"]
[BlackElo "2603"]

1.d4 Nf6 2.c4 e6 3.Nc3 Bb4 4.e3 c5 5.Ne2 d5 6.a3 Ba5 7.dxc5 dxc4 8.Qxd8+ Kxd8
9.Ng3 Bxc3+ 10.bxc3 Nbd7 11.Bxc4 Nxc5 12.f3 Bd7 13.e4 Ba4 14.Be3 Rc8 15.O-O Ke7
16.Rab1 Nfd7 17.Ba2 b6 18.Nh5 Rhg8 19.Nf4 Rgd8 20.Bd4 Kf8 21.e5 Nb8 22.Ne2 Nc6
23.f4 Bc2 24.Bxc5+ bxc5 25.Rb2 Bd3 26.Kf2 Rb8  1/2-1/2

[Event "It Resort and Casino"]
[Site "Decameron DOM"]
[Date "2003.12.08"]
[Round "4"]
[White "Bruzon,L"]
[Black "De la Paz,F"]
[Result "1/2-1/2"]
[WhiteElo "2603"]
[BlackElo "2427"]

1.e4 e5 2.Nf3 Nc6 3.Bb5 Bc5 4.O-O Nf6 5.Nc3 O-O 6.Bxc6 dxc6 7.d3 Qe7 8.h3 h6
9.Be3 Re8 10.Bxc5 Qxc5 11.Re1 Bd7 12.d4 exd4 13.Qxd4 Qxd4 14.Nxd4  1/2-1/2

[Event "It Resort and Casino"]
[Site "Decameron DOM"]
[Date "2003.12.08"]
[Round "5"]
[White "Dominiguez,JM"]
[Black "Bruzon,L"]
[Result "0-1"]
[WhiteElo "2313"]
[BlackElo "2603"]

1.Nf3 d5 2.d4 Nf6 3.c3 e6 4.Bf4 c5 5.e3 Nc6 6.Nbd2 Bd6 7.Ne5 Qc7 8.Ndf3 cxd4
9.Nxc6 Bxf4 10.Ncxd4 Bh6 11.Qa4+ Kf8 12.g4 Ne4 13.Rg1 g6 14.Nb5 Qe7 15.g5 Bg7
16.Nd2 Nc5 17.Qa3 h6 18.h4 hxg5 19.hxg5 Bd7 20.Nb3 Ne4 21.Qxe7+ Kxe7 22.f3 Bxb5
23.Bxb5 Nxc3 24.bxc3 Bxc3+ 25.Kf2 Bxa1 26.Rxa1 Rac8 27.Kg3 Rc3 28.Re1 Rc2
29.a4 a6 30.Bf1 Rhc8 31.Rb1 R8c7 32.a5 Ra2 33.f4 Ra4 34.Be2 Rc3 35.Kf2 Rb4
36.Bd1 Kd6 37.Rb2 Rc1 38.Ke2 Ra1 39.Rd2 Rxd1 40.Rxd1 Rxb3 41.Rc1 Rb5 42.Ra1 e5
43.fxe5+ Kxe5 44.Rf1 Ke6 45.Ra1  0-1

[Event "It Resort and Casino"]
[Site "Decameron DOM"]
[Date "2003.12.09"]
[Round "6"]
[White "Bruzon,L"]
[Black "Lugo,B"]
[Result "1-0"]
[WhiteElo "2603"]
[BlackElo "2418"]

1.e4 e5 2.Nf3 Nc6 3.Bb5 Bb4 4.c3 Ba5 5.Na3 Nge7 6.Nc4 a6 7.Ba4 b5 8.Nxa5 Nxa5
9.Bc2 Nac6 10.O-O d6 11.h3 O-O 12.d4 Ng6 13.a4 Rb8 14.axb5 axb5 15.Be3 h6
16.Qd2 exd4 17.cxd4 d5 18.e5 Nce7 19.Ne1 Bf5 20.Nd3 Nh4 21.f4 Be4 22.Ne1 Rb6
23.Kh2 Nhf5 24.Bf2 h5 25.Qe2 Bxc2 26.Qxc2 Qd7 27.g3 Rc6 28.Qd2 Nh6 29.Nd3 Qf5
30.Rac1 Rg6 31.Rxc7 Ng4+ 32.hxg4 hxg4 33.Rh1 Rh6+ 34.Kg1 Rxh1+ 35.Kxh1 Qe4+
36.Kg1 Nf5 37.Nc5 Qb1+ 38.Kg2 Ra8 39.Qd3 Ra1 40.Qxb1 Rxb1 41.Nd3 b4 42.Rc1  1-0

[Event "GMB"]
[Site "Wijk aan Zee NED"]
[Date "2004.01.17"]
[Round "6"]
[White "Bruzon,L"]
[Black "Tiviakov,S"]
[Result "1/2-1/2"]
[WhiteElo "2603"]
[BlackElo "2600"]

1.e4 c5 2.Nf3 Nc6 3.Bb5 d6 4.O-O Bd7 5.Re1 Nf6 6.c3 a6 7.Bf1 Bg4 8.d3 Bxf3
9.Qxf3 g6 10.Qd1 Qb6 11.Nd2 Bg7 12.f4 O-O 13.Kh1 Qc7 14.Qe2 b5 15.Nf3 e6
16.a3 Rab8 17.Bd2 a5 18.e5 Nd5 19.d4 cxd4 20.cxd4 Qb6 21.Qe4 Rfd8 22.g4 Nde7
23.Be3 Qb7 24.Bg2 a4 25.Bf2 Na5 26.Qe2 Nd5 27.Bg3 Nc4 28.f5 exf5 29.gxf5 Nde3
30.e6  1/2-1/2

[Event "GMB"]
[Site "Wijk aan Zee NED"]
[Date "2004.01.19"]
[Round "8"]
[White "Bruzon,L"]
[Black "Stellwagen,D"]
[Result "1-0"]
[WhiteElo "2603"]
[BlackElo "2489"]

1.g3 Nf6 2.Bg2 g6 3.e4 d6 4.d4 Bg7 5.Nc3 O-O 6.Nge2 e5 7.h3 Nbd7 8.O-O c6
9.a4 Re8 10.Be3 exd4 11.Bxd4 b6 12.g4 h6 13.Ng3 Ba6 14.Re1 Qc7 15.Qd2 Rad8
16.Rad1 Nc5 17.Be3 Kh7 18.b4 Ne6 19.b5 Bb7 20.bxc6 Bxc6 21.Nb5 Bxb5 22.axb5 Nc5
23.Bd4 Rc8 24.Re2 Ne6 25.Be3 Qc4 26.Qd3 Qc7 27.Red2 Rcd8 28.Qa3 Nc5 29.Qb4 Re6
30.Bf4 Qe7 31.e5 Ne8 32.Bd5 dxe5 33.Bxe6 exf4 34.Rxd8 fxg3 35.Bb3 gxf2+ 36.Kg2 Nf6
37.Qf4 Qb7+ 38.Bd5 Nxd5 39.R8xd5 Ne6 40.Qxf2 Qc7 41.Rd7 Nf4+ 42.Kf3 Qc4 43.R1d4  1-0

[Event "GMB"]
[Site "Wijk aan Zee NED"]
[Date "2004.01.22"]
[Round "10"]
[White "Bruzon,L"]
[Black "Hamdouchi,H"]
[Result "1-0"]
[WhiteElo "2603"]
[BlackElo "2588"]

1.e4 e6 2.d4 d5 3.Nc3 Nf6 4.Bg5 dxe4 5.Nxe4 Be7 6.Bxf6 Bxf6 7.Nf3 Nd7 8.Qd2 O-O
9.O-O-O b6 10.Bd3 Bb7 11.h4 Rb8 12.Qf4 c5 13.Neg5 h6 14.Bh7+ Kh8 15.Be4 Bxe4
16.Qxe4 g6 17.d5 e5 18.Ne6 fxe6 19.dxe6 Bg7 20.exd7 Qf6 21.Rd5 Qf4+ 22.Qxf4 exf4
23.Ne5 Bxe5 24.Rxe5 Kg7 25.Rd1 Rbd8 26.Rd6 Rf6 27.Re7+ Rf7 28.Ree6 Rfxd7
29.Rxg6+ Kf8 30.Rgf6+ Kg7 31.Rxd7+ Rxd7 32.Rxf4 Kg6 33.g3 Kh5 34.Rf6 Rd8
35.Rf7 Rd6 36.Rxa7 Rf6 37.f4 Rg6 38.Ra3 Kg4 39.Rd3 Re6 40.a4 c4 41.Rc3 Re1+
42.Kd2 Rf1 43.b3  1-0

[Event "12th Aosta Open"]
[Site "St Vincent ITA"]
[Date "2004.02.14"]
[Round "8"]
[White "Saldano,H"]
[Black "Bruzon,L"]
[Result "1/2-1/2"]
[WhiteElo "2424"]
[BlackElo "2603"]

1.e4 c5 2.Nf3 e6 3.Nc3 a6 4.d4 cxd4 5.Nxd4 Nc6 6.g3 d6 7.Bg2 Bd7 8.O-O Nf6
9.a4 Be7 10.Nb3 b6 11.f4 O-O 12.Be3 Rc8 13.g4 h6 14.h3 Nb4 15.Nd4 e5 16.Nf5 Bxf5
17.gxf5 Nd7 18.Qe2 Bf6 19.Rad1 Rc6 20.Rd2 Re8 21.Nd1 Rc8 22.c3 Nc6 23.Rxd6 Qc7
24.Rd5 Ne7 25.Rd2 a5 26.fxe5 Nxe5 27.Bf4 Qc6 28.Ne3 Qxa4 29.Ng4 Nxg4 30.Qxg4 Nc6
31.Bxh6 Ne5 32.Qg3 Kh7 33.Bf4 Qb5 34.Rd5 Rc5 35.Rd6 Rc6 36.Rd5 Rc5 37.Rd6 Rc6
38.Rd3 Rc5 39.Rd6 Rc6 40.Rd5 Rc5 41.Rd6  1/2-1/2

[Event "Capablanca Mem Elite"]
[Site "Havana CUB"]
[Date "2004.05.06"]
[Round "1"]
[White "Bruzon,L"]
[Black "Arencibia,W"]
[Result "1/2-1/2"]
[WhiteElo "2602"]
[BlackElo "2505"]

1.e4 e6 2.d4 d5 3.Nc3 h6 4.Nf3 Nf6 5.Bd3 Bb4 6.e5 Ne4 7.O-O Nxc3 8.bxc3 Bxc3
9.Rb1 a5 10.Rb3 Bb4 11.c4 b6 12.Qc2 Be7 13.cxd5 exd5 14.Bb5+ Kf8 15.Be3 Bd7
16.Bxd7 Qxd7 17.e6 Qc6 18.Rc3 Qxe6 19.Rxc7 Na6 20.Rc6 Nb4 21.Rxe6 Nxc2 22.Rxb6 Kg8
23.Rc1 Nxe3 24.fxe3 Kh7 25.Rb7 Rhe8 26.Rcc7 Bf8 27.Ne5 Rac8 28.Rxf7 Rc2 29.Nd7 Be7
30.Ne5 Bf8 31.h4 Rxa2 32.h5 Ra1+ 33.Kf2 Kg8 34.Ng6 Rb1 35.Ra7 Rb6 36.Rfd7 Rf6+
37.Ke2 Rfe6 38.Nxf8 Rxe3+ 39.Kf2 Re2+ 40.Kg1 Kxf8 41.Rf7+ Kg8 42.Rxg7+ Kh8
43.Rh7+ Kg8 44.Rag7+ Kf8 45.Rd7 R2e7 46.Rdxe7 Rxe7 47.Rxh6 Ra7 48.Rd6 a4
49.Rxd5 a3 50.Rf5+ Kg7 51.Rf1 Kh6 52.Ra1 Kxh5 53.Kf2 Kg4 54.Ke3 a2 55.Ke4 Kg3
56.d5 Re7+ 57.Kf5 Re2 58.d6 Rd2 59.Ke6 Re2+ 60.Kf7 Rd2 61.Ke7 Re2+ 62.Kd8 Rd2
63.d7 Kg4 64.Ke7 Re2+ 65.Kf6 Rd2  1/2-1/2

[Event "Capablanca Mem Elite"]
[Site "Havana CUB"]
[Date "2004.05.08"]
[Round "3"]
[White "Bruzon,L"]
[Black "Felgaer,R"]
[Result "1-0"]
[WhiteElo "2602"]
[BlackElo "2592"]

1.Nf3 d5 2.e3 Nf6 3.c4 c6 4.Qc2 g6 5.b3 Bg7 6.Bb2 O-O 7.Be2 Bg4 8.O-O Nbd7
9.d3 e6 10.h3 Bxf3 11.Bxf3 Ne8 12.Nd2 Nd6 13.Bxg7 Kxg7 14.g3 Qf6 15.Bg2 Rfc8
16.a3 a5 17.Rac1 b5 18.Rfd1 Rab8 19.c5 Nf5 20.Nf3 Rd8 21.Re1 Ne5 22.Nh2 h5
23.Qd2 b4 24.Ra1 Nd7 25.Qc2 Qc3 26.Rec1 Qxc2 27.Rxc2 a4 28.bxa4 b3 29.Rc3 d4
30.exd4 Nxd4 31.Kf1 Ne5 32.Rb1 g5 33.f4 gxf4 34.gxf4 Ng6 35.Nf3 Nxf4 36.Nxd4 Rxd4
37.Bxc6 Rxd3 38.Rc4 Nd5 39.Bxd5 Rxd5 40.c6 Rd3 41.a5 Rc8 42.a6 Rc7 43.Ke2 Rd6
44.a7 Rd8 45.Ra4 Ra8 46.Rxb3 Raxa7 47.Rxa7 Rxa7 48.Rc3 Ra8 49.c7 Rc8 50.a4 Kf6
51.a5 Ke7 52.a6 Kd7 53.a7 e5 54.Rd3+  1-0

[Event "Capablanca Mem Elite"]
[Site "Havana CUB"]
[Date "2004.05.10"]
[Round "4"]
[White "Luther,T"]
[Black "Bruzon,L"]
[Result "1/2-1/2"]
[WhiteElo "2577"]
[BlackElo "2602"]

1.e4 e5 2.Nf3 Nc6 3.Bb5 a6 4.Ba4 Nf6 5.O-O Be7 6.Re1 b5 7.Bb3 d6 8.c3 O-O
9.h3 Na5 10.Bc2 c5 11.d4 Qc7 12.Nbd2 cxd4 13.cxd4 Nc6 14.Nb3 a5 15.Be3 a4
16.Nbd2 Bd7 17.a3 Rfe8 18.Bd3 Qb7 19.Qe2 Rab8 20.d5 Na5 21.Reb1 Bd8 22.b4 axb3
23.Nxb3 Nxd5 24.Nxa5 Bxa5 25.exd5 e4 26.Ng5 exd3 27.Qxd3 g6 28.Ne4 Rxe4 29.Qxe4 Bf5
30.Qd4 Bxb1 31.Bh6 f5 32.Rxb1 Qe7 33.Bd2 Bb6 34.Qd3 Qe4 35.Qxe4 fxe4 36.Bb4 Rf8
37.Rb2 e3 38.fxe3 Bxe3+ 39.Kh2 Bf4+ 40.Kg1 Be5 41.Rc2 Rf5 42.Rc8+ Kg7 43.Rc7+ Kf6
44.g4 Bd4+ 45.Kg2 Rxd5 46.Rxh7 Be5 47.Kf3 Ke6 48.Ke2 Bf6  1/2-1/2

[Event "Capablanca Mem Elite"]
[Site "Havana CUB"]
[Date "2004.05.11"]
[Round "5"]
[White "Bruzon,L"]
[Black "Quezada,Y"]
[Result "1-0"]
[WhiteElo "2602"]
[BlackElo "2478"]

1.e4 c5 2.Nf3 d6 3.d4 cxd4 4.Nxd4 Nf6 5.Nc3 a6 6.Be2 e5 7.Nb3 Be7 8.Bg5 Be6
9.Bxf6 Bxf6 10.Qd3 Nc6 11.O-O-O Be7 12.Nd5 Bg5+ 13.Kb1 O-O 14.h4 Bxh4 15.g3 Bf6
16.Qf3 Bg5 17.Qh5 Bh6 18.Bg4 a5 19.Ne3 a4 20.Nc5 Qe7 21.Nd3 a3 22.b3 Nd4
23.Bf5 Rac8 24.Nb4 Qc7 25.c4 Bxf5 26.Nxf5 Nxf5 27.Qxf5 f6 28.Nd5 Qf7 29.Rd3 Rc6
30.Nc3 Ra8 31.Rhd1 g6 32.Qh3 Bf8 33.g4 Qe6 34.Nd5 Bg7 35.g5 Re8 36.Rh1 Qxh3
37.Rdxh3 fxg5 38.Rxh7 Rcc8 39.R7h3 Re6 40.Rg1 Rf8 41.f3 Bf6 42.Kc2 Ree8 43.Rh6 Kf7
44.b4 Rh8 45.Rgh1 Rxh6 46.Rxh6 Kg7 47.Rh7+  1-0

[Event "Capablanca Mem Elite"]
[Site "Havana CUB"]
[Date "2004.05.14"]
[Round "7"]
[White "Morovic Fernandez,I"]
[Black "Bruzon,L"]
[Result "1/2-1/2"]
[WhiteElo "2583"]
[BlackElo "2602"]

1.d4 d5 2.c4 e6 3.Nc3 Be7 4.cxd5 exd5 5.Bf4 c6 6.e3 Bf5 7.Bd3 Bxd3 8.Qxd3 Nf6
9.Nf3 Nbd7 10.O-O O-O 11.Rab1 a5 12.a3 Nb6 13.h3 Re8 14.Qc2 Nfd7 15.Nd2 Nf8
16.b4 axb4 17.axb4 Ne6 18.Bg3 Bd6 19.Bxd6 Qxd6 20.Ne2 Rec8 21.Nc1 Nd7 22.Nd3 b6
23.Ra1 g6 24.Nb3 Rxa1 25.Rxa1 Nc7 26.Nd2 Ne6 27.Nb3 Nc7 28.Rc1 Ne6 29.Qa2 Kg7
30.Qa1 Kg8 31.Qa7 Kg7 32.Qa6 Rc7 33.Nd2 Qe7 34.Qa8 Qd6 35.Qa1 Kg8 36.Qa6 Kg7
37.Nf3 Qe7 38.Qa8 Qd6 39.Qa1 Kg8 40.Qa6 f6 41.Qa8+ Qf8 42.Qa2 Qd6 43.Nd2 c5
44.bxc5 bxc5 45.dxc5 Ndxc5 46.Nxc5 Rxc5 47.Rxc5 Nxc5 48.e4 Nd3 49.exd5 f5
50.Qa8+ Kf7 51.Qa7+ Qe7 52.Qxe7+ Kxe7 53.Nc4 Nf4 54.d6+ Kd7 55.h4 Kc6 56.g3 Ne6
57.Kg2  1/2-1/2

[Event "Capablanca Mem Elite"]
[Site "Havana CUB"]
[Date "2004.05.15"]
[Round "8"]
[White "Bruzon,L"]
[Black "Ikonnikov,Vy"]
[Result "1-0"]
[WhiteElo "2602"]
[BlackElo "2556"]

1.d4 d5 2.c4 c6 3.Nc3 Nf6 4.e3 a6 5.Qc2 b5 6.b3 Bg4 7.Nge2 Bh5 8.Nf4 Bg6
9.Nxg6 hxg6 10.Bb2 e6 11.c5 g5 12.O-O-O Nbd7 13.Be2 Qc7 14.h3 Be7 15.Kb1 a5
16.Bd3 Kf8 17.Rhe1 Rh4 18.f3 Nh5 19.e4 b4 20.Na4 Rb8 21.Bc1 Nf4 22.Bf1 Rh8
23.Be3 Kg8 24.Qd2 Nf6 25.e5 N6h5 26.h4 f6 27.hxg5 fxg5 28.Bf2 Ng6 29.g3 Nf8
30.Bd3 Bd8 31.Rh1 Qf7 32.Qe2 Rh6 33.Rhg1 g6 34.Be3 Ng7 35.g4 Ne8 36.Rdf1 Qh7
37.f4 Rh2 38.Rg2 Rxg2 39.Qxg2 gxf4 40.Bxf4 Rb7 41.Rh1 Qf7 42.Be3 Qd7 43.Rh3 Ng7
44.Qh1 Kf7 45.Rh8 Be7 46.Qf1+ Nf5 47.gxf5 exf5 48.Qh3 Qe6 49.Nb6 Rc7 50.Nc4 Ke8
51.Nd6+ Bxd6 52.cxd6 Rf7 53.Bh6  1-0

[Event "Capablanca Mem Elite"]
[Site "Havana CUB"]
[Date "2004.05.16"]
[Round "9"]
[White "Maiwald,JU"]
[Black "Bruzon,L"]
[Result "0-1"]
[WhiteElo "2543"]
[BlackElo "2602"]

1.g3 d5 2.Bg2 Nf6 3.d3 c5 4.Nf3 Nc6 5.O-O e6 6.Nbd2 Be7 7.e4 O-O 8.Re1 b5
9.e5 Nd7 10.Nf1 a5 11.h4 b4 12.N1h2 Ba6 13.Bf4 a4 14.Ng5 Qe8 15.c4 Nb6 16.Ng4 Qd8
17.cxd5 Nxd5 18.Be4 g6 19.Nh6+ Kg7 20.Nhxf7 Qd7 21.Qg4 Rxf7 22.Nxe6+ Kh8
23.Bxd5 Qxd5 24.Nc7 Qd8 25.Nxa6 Rxa6 26.Qe6 Rf5 27.Rac1 Rb6 28.Qc4 Nd4 29.Re4 Qd7
30.Bh6 Nf3+ 31.Kf1 Qe6  0-1

[Event "XII Guillermo Garcia Prem I"]
[Site "Santa Clara CUB"]
[Date "2004.05.24"]
[Round "4"]
[White "Zambrana,O"]
[Black "Bruzon,L"]
[Result "0-1"]
[WhiteElo "2472"]
[BlackElo "2602"]

1.e4 e5 2.Nf3 Nc6 3.Bc4 Nf6 4.d3 Be7 5.O-O O-O 6.Re1 d6 7.a4 Na5 8.Ba2 c5
9.Nbd2 Be6 10.Nc4 Nc6 11.c3 h6 12.h3 Re8 13.Bd2 a6 14.Bb1 Bf8 15.Ne3 g6 16.c4 a5
17.Nd5 Bg7 18.Kh2 Rf8 19.Qc1 Kh7 20.Nxf6+ Qxf6 21.Ng5+ hxg5 22.Bxg5 Qxf2
23.b4 Nd4  0-1

[Event "XII Guillermo Garcia Prem I"]
[Site "Santa Clara CUB"]
[Date "2004.05.27"]
[Round "7"]
[White "Bruzon,L"]
[Black "Hernandez,Rom"]
[Result "1/2-1/2"]
[WhiteElo "2602"]
[BlackElo "2420"]

1.Nf3 Nf6 2.d4 e6 3.g3 d5 4.Bg2 Be7 5.O-O O-O 6.c4 c6 7.Qc2 b5 8.c5 a5 9.Nbd2 Ba6
10.e4 dxe4 11.Nxe4 Nxe4 12.Qxe4 b4 13.Rd1 Bc4 14.h4 Bd5 15.Qe1 Nd7 16.a3 b3
17.a4 Re8 18.Qc3 g5 19.Be3 Rb8 20.Bd2 Bf6 21.Qxa5 g4 22.Ne1 Bxd4 23.Qxd8 Rbxd8
24.Ba5 Bxb2 25.Rab1 Ra8 26.Bb6 Bc3 27.Bxd5 exd5 28.Nd3 Rxa4 29.Rxb3 Bf6  1/2-1/2